| 000 | 02071cam a2200529 a 4500 | ||
|---|---|---|---|
| 999 |
_c175 _d175 |
||
| 001 | 00236437 | ||
| 003 | OCoLC | ||
| 005 | 20190729145057.0 | ||
| 008 | 120704s2010 nyuab d 000 f eng c | ||
| 020 | _a9781416971740 (pbk.) : | ||
| 020 | _a1416971742 (pbk.) : | ||
| 035 | _aocn652826805 | ||
| 035 | _a(OCoLC)652826805 | ||
| 040 |
_aUAH _beng _cUAH _dWAU _dYDXCP _dGO3 _dRS _dOCLCQ _dBDX |
||
| 042 | _anbic | ||
| 049 | _aC5MA | ||
| 082 | 0 | 4 |
_aFIC WES _222 |
| 100 | 1 |
_aWesterfeld, Scott. _eauthor |
|
| 245 | 1 | 0 |
_aLeviathan / _cwritten by Scott Westerfeld ; illustrated by Keith Thompson. |
| 250 | _a1st Simon Pulse pbk. ed. | ||
| 260 |
_aNew York : _bSimon Pulse, _c[2010] |
||
| 300 |
_a440 p. : _bill., map ; _c21 cm. |
||
| 490 | 1 | _aLeviathan trilogy. | |
| 500 | _aIncludes excerpt ([8] p.) from the second book in the Leviathan trilogy: Behemoth. | ||
| 520 | _aIn an alternate 1914 Europe, fifteen-year-old Austrian Prince Alek, on the run from the Clanker Powers who are attempting to take over the globe using mechanical machinery, forms an uneasy alliance with Deryn who, disguised as a boy to join the British Air Service, is learning to fly genetically engineered beasts. | ||
| 521 | 1 | _aAges 12 up. | |
| 526 | 0 |
_aAccelerated Reader/Renaissance Learning _bMG _c5.3 _d12. |
|
| 586 | 8 | _aA Junior Library Guild selection. | |
| 650 | 0 |
_aAnimals, Mythical _vJuvenile fiction. |
|
| 650 | 0 |
_aPrinces _vJuvenile fiction. |
|
| 650 | 0 |
_aGenetic engineering _vJuvenile fiction. |
|
| 650 | 1 | _aScience fiction. | |
| 650 | 1 |
_aImaginary creatures _vFiction. |
|
| 650 | 1 |
_aPrinces _vFiction. |
|
| 650 | 1 |
_aGenetic engineering _vFIction. |
|
| 650 | 1 |
_aWar _vFiction. |
|
| 655 | 0 | _aSteampunk fiction. | |
| 655 | 0 | _aWar stories. | |
| 655 | 0 | _aYoung adult fiction. | |
| 655 | 4 |
_aScience fiction _vJuvenile. |
|
| 655 | 4 |
_aSteampunk fiction _vJuvenile. |
|
| 655 | 4 |
_aWar stories _vJuvenile. |
|
| 655 | 7 |
_aScience fiction. _2lcgft. |
|
| 700 | 1 |
_aThompson, Keith, _d1982- _eillustrator |
|
| 700 | 1 | 2 |
_aWesterfeld, Scott. _tBehemoth. _kSelections. |
| 942 |
_2ddc _cFIC |
||